Everybody's Pepys / (Record no. 193978)
[ view plain ]
| 000 -LEADER | |
|---|---|
| fixed length control field | 00753 a2200157 4500 |
| 003 - CONTROL NUMBER IDENTIFIER | |
| control field | Nust |
| 005 - DATE AND TIME OF LATEST TRANSACTION | |
| control field | 20230201132044.0 |
| 040 ## - CATALOGING SOURCE | |
| Transcribing agency | Nust |
| 082 ## - DEWEY DECIMAL CLASSIFICATION NUMBER | |
| Classification number | 940,PEP |
| 100 ## - MAIN ENTRY--PERSONAL NAME | |
| Personal name | Shepared, Ernest H. |
| 9 (RLIN) | 108386 |
| 245 ## - TITLE STATEMENT | |
| Title | Everybody's Pepys / |
| Statement of responsibility, etc. | Ernest H. Shepared |
| 260 ## - PUBLICATION, DISTRIBUTION, ETC. | |
| Place of publication, distribution, etc. | London |
| Name of publisher, distributor, etc. | G.Bell and sons |
| Date of publication, distribution, etc. | 1929 |
| 300 ## - PHYSICAL DESCRIPTION | |
| Extent | xxii:570 pages |
| 505 ## - FORMATTED CONTENTS NOTE | |
| Formatted contents note | Introduction (Page-Ix), Note Of The Pepys Family (Page-Xxi), Note On The Navy Board (Page-Xxii), First Year 1960 (Page-1), Second Year 1961 (Page-64), Third Year 1962 (Page-104), Fourth Year 1963 (Page-141), Fifth Year 1964 (Page-199), Sixth Year 1965 (Page-239), Seventh Year 1966 (Page-292), Eight Year 1967 (Page-361), Nine Year 1968 (Page-458), Tenth Year 1969 (Page-519). |
| 942 ## - ADDED ENTRY ELEMENTS (KOHA) | |
| Source of classification or shelving scheme | |
| Koha item type | Book |
| Call number prefix | 940,PEP |
| Withdrawn status | Lost status | Source of classification or shelving scheme | Damaged status | Not for loan | Permanent Location | Current Location | Shelving location | Date acquired | Full call number | Barcode | Date last seen | Price effective from | Koha item type | Public note |
|---|---|---|---|---|---|---|---|---|---|---|---|---|---|---|
| Military College of Signals (MCS) | Military College of Signals (MCS) | General Stacks | 12/12/2016 | 940,PEP | MCS29268 | 12/08/2016 | 12/12/2016 | Book | Almirah No. 59, Shelf No.6 |
